[Event "POL-chT3"]
[Site "Jastrzebia Gora POL"]
[Date "2016.09.09"]
[Round "7.92"]
[White "Miasik, Adrian"]
[Black "Zareba, Radoslaw"]
[Result "0-1"]
[WhiteElo "1933"]
[BlackElo "2093"]
[EventDate "2016.09.02"]

1.d4 Nf6 2.Nf3 c5 3.d5 b5 4.c4 g6 5.e3 Bg7 6.cxb5 O-O 7.Nc3 Bb7 8.Bc4 d6 
9.O-O Nbd7 10.e4 Nb6 11.Bd3 a6 12.bxa6 Bxa6 13.Bxa6 Rxa6 14.Qe2 Qa8 15.Bd2
Nfd7 16.b3 Rc8 17.Rac1 Ra3 18.Rc2 Qa6 19.Qxa6 Rxa6 20.Rfc1 Rca8 21.a4 c4 
22.bxc4 Nc5 23.Be3 Nd3 24.Rb1 Nxc4 25.Rb7 Nxe3 26.fxe3 Rc8 27.Nd4 Bxd4 28.
exd4 Rxa4 29.Nxa4 Rxc2 30.h3 Kf8 31.Rb3 Nf4 32.Rb2 Rc4 33.Ra2 Rxd4 34.Nc3 
Rc4 35.Ra3 Rxc3 0-1

[Event "POL-chT3"]
[Site "Jastrzebia Gora POL"]
[Date "2016.09.09"]
[Round "7.93"]
[White "Czachor, Grzegorz"]
[Black "Ziemniak, Piotr"]
[Result "0-1"]
[WhiteElo "2078"]
[BlackElo "1783"]
[EventDate "2016.09.02"]

1.c4 Nf6 2.Nc3 d6 3.g3 g6 4.Bg2 Bg7 5.d3 Nc6 6.Rb1 O-O 7.b4 e5 8.Bd2 Rb8 
9.Qc1 Nd4 10.e3 Ne6 11.Nge2 b6 12.Qa3 a6 13.O-O Ng5 14.f4 exf4 15.Nxf4 Re8
16.Ncd5 Ng4 17.h3 Ne5 18.Qb3 c6 19.Nc3 Bf5 20.Nce2 h5 21.Nd4 Qd7 22.Nxf5 
Qxf5 23.d4 Nd7 24.Nd5 Nxh3+ 25.Kh2 Nf2 26.Nc7 Re7 27.Nxa6 Ra8 28.Nc7 Rc8 
29.e4 Rxe4 30.Rbe1 Rxe1 31.Bxe1 Ng4+ 32.Kh1 Qg5 33.Na6 Bxd4 34.c5 Nde5 35.
cxd6 Rd8 36.Bxc6 Rxd6 37.Bg2 Rf6 38.Rxf6 Qxf6 39.Be4 Nf2+ 0-1

[Event "POL-chT3"]
[Site "Jastrzebia Gora POL"]
[Date "2016.09.09"]
[Round "7.94"]
[White "Wozniak, Grzegorz"]
[Black "Klukiewicz, Piotr"]
[Result "0-1"]
[WhiteElo "1695"]
[BlackElo "2011"]
[EventDate "2016.09.02"]

1.d4 g6 2.e4 Bg7 3.Nc3 c6 4.Bc4 b5 5.Bb3 d6 6.f4 b4 7.Nce2 Nf6 8.Ng3 O-O 
9.c3 a5 10.Nf3 Ba6 11.Bc2 c5 12.e5 dxe5 13.fxe5 Nd5 14.Bd3 bxc3 15.Bxa6 
cxb2 16.Bxb2 Nxa6 17.a3 Bh6 18.Ne4 Ne3 19.Qe2 Qd5 20.Neg5 Bxg5 21.Nxg5 
cxd4 22.Nf3 Rfc8 23.Bxd4 Nc2+ 24.Kf2 Nxd4 25.Rhd1 Qxf3+ 26.Qxf3 Nxf3 27.
Kxf3 Rab8 28.Rd3 Rb5 29.Re1 Nc5 30.Rc3 Rb3 31.Rc1 Rxc3+ 32.Rxc3 Rc7 33.Ke3
Kf8 34.Rc4 Ke8 35.Kd4 Ne6+ 36.Kd5 Kd7 37.Ra4 Rc5+ 38.Ke4 Kc6 0-1

[Event "POL-chT3"]
[Site "Jastrzebia Gora POL"]
[Date "2016.09.09"]
[Round "7.95"]
[White "Krupa, Jerzy"]
[Black "Wasik, Roman"]
[Result "1-0"]
[WhiteElo "1817"]
[BlackElo "1474"]
[EventDate "2016.09.02"]

1.e4 c5 2.Nf3 d6 3.Bb5+ Bd7 4.Bxd7+ Qxd7 5.O-O Nc6 6.c3 Nf6 7.Re1 e5 8.d4 
cxd4 9.cxd4 Be7 10.Nc3 O-O 11.h3 Rac8 12.Be3 a6 13.Qd2 b5 14.a3 Qb7 15.Bg5
exd4 16.Nxd4 Nxd4 17.Qxd4 h6 18.Bh4 Rc4 19.Qd3 Rfc8 20.Bg3 Qc6 21.Rad1 Rd8
22.Re2 Nh5 23.Nd5 Bg5 24.f4 Bf6 25.Bf2 Rc1 26.g4 Qc4 27.Kh2 Nxf4 28.Nxf4 
Be5 29.Bg3 Rc8 30.Nd5 Kf8 31.Bxe5 dxe5 32.Nb6 1-0

[Event "POL-chT3"]
[Site "Jastrzebia Gora POL"]
[Date "2016.09.09"]
[Round "7.96"]
[White "Wasik, Justyna"]
[Black "Zdziarska-zareba, Lidia"]
[Result "0-1"]
[WhiteElo "1385"]
[BlackElo "1884"]
[EventDate "2016.09.02"]

1.Nf3 c5 2.c4 Nc6 3.Nc3 Nf6 4.e4 d6 5.d4 cxd4 6.Nxd4 g6 7.Nc2 Bg7 8.Be2 
O-O 9.O-O Be6 10.Rb1 Rc8 11.b3 Qa5 12.Bd2 Qc7 13.Kh1 Nd7 14.Nd5 Bxd5 15.
exd5 Nd8 16.Bg5 Nf6 17.f4 Ne4 18.Qd3 Nxg5 19.fxg5 b5 20.Ne3 bxc4 21.bxc4 
Qa5 22.Bg4 Rc5 23.Qe4 Rc7 24.Rf2 Nb7 25.Rxf7 Rxf7 26.Be6 Nd8 27.Bxf7+ Kxf7
28.Ng4 Qd2 29.Rf1+ Kg8 30.h4 Qc3 31.Nf6+ Bxf6 32.gxf6 Qe5 33.Qb1 exf6 34.
Re1 Qf4 35.Re8+ Kg7 36.Rxd8 Qxh4+ 37.Kg1 Qd4+ 38.Kh1 Qh4+ 39.Kg1 Qxc4 40.
Qb8 Qd4+ 41.Kf1 Rc1+ 42.Ke2 Rc2+ 43.Kf3 Qd3+ 44.Kg4 Rc4# 0-1

[Event "POL-chT3"]
[Site "Jastrzebia Gora POL"]
[Date "2016.09.09"]
[Round "7.97"]
[White "Banach, Szymon"]
[Black "Grajczak, Adrian"]
[Result "1-0"]
[WhiteElo "1996"]
[BlackElo "2022"]
[EventDate "2016.09.02"]

1.d4 d6 2.e4 Nf6 3.Nc3 e5 4.Nge2 Nc6 5.Bg5 exd4 6.Nxd4 Be7 7.Bb5 Bd7 8.Nf5
Bxf5 9.exf5 O-O 10.Qd2 a6 11.Be2 Qd7 12.g4 Ne5 13.O-O-O Rfe8 14.Rdg1 Qc6 
15.Bxf6 Bxf6 16.g5 Bd8 17.f6 Nf3 18.Bxf3 Qxf3 19.h4 c6 20.h5 Ba5 21.g6 
Qxf6 22.gxh7+ Kh8 23.Rh3 d5 24.Qd1 d4 25.Na4 Qf4+ 26.Kb1 Qxf2 27.Rf3 Qxg1 
28.Qxg1 Re1+ 29.Qxe1 Bxe1 30.Rxf7 b5 31.Nc5 Re8 32.Nd7 Bb4 33.a3 Bd6 34.h6
gxh6 35.Rf6 Bg3 36.Rxc6 Rd8 37.Nf6 Be5 38.Ne4 Rc8 39.Ng5 1-0

[Event "POL-chT3"]
[Site "Jastrzebia Gora POL"]
[Date "2016.09.09"]
[Round "7.98"]
[White "Brylowski, Marian"]
[Black "Nowak, Rafal"]
[Result "1-0"]
[WhiteElo "2051"]
[BlackElo "2050"]
[EventDate "2016.09.02"]

1.e4 c5 2.Nf3 e6 3.d4 cxd4 4.Nxd4 Nc6 5.Be3 Qc7 6.Nd2 a6 7.c3 Nf6 8.f4 d6 
9.Bd3 Be7 10.O-O O-O 11.Qf3 Re8 12.Rae1 Bf8 13.Nxc6 bxc6 14.f5 exf5 15.Bd4
Ng4 16.exf5 Ne5 17.Qg3 f6 18.Bc2 Bd7 19.Bb3+ Kh8 20.Re4 d5 21.Rh4 Qd6 22.
Ne4 Qb8 23.Rff4 h6 24.Rh5 dxe4 1-0

[Event "POL-chT3"]
[Site "Jastrzebia Gora POL"]
[Date "2016.09.09"]
[Round "7.99"]
[White "Banach, Wieslaw"]
[Black "Aleksandrowicz, Marek"]
[Result "1/2-1/2"]
[WhiteElo "2038"]
[BlackElo "1947"]
[EventDate "2016.09.02"]

1.e4 e5 2.Nf3 Nc6 3.d4 exd4 4.Bc4 Nf6 5.O-O Nxe4 6.Re1 d5 7.Bxd5 Qxd5 8.
Nc3 Qa5 9.Nxe4 Be6 10.Neg5 O-O-O 11.Nxe6 fxe6 12.Rxe6 Bd6 13.Bg5 Rde8 14.
Qe2 Kd7 15.Re1 Qxe1+ 16.Nxe1 Rxe6 17.Qg4 h5 18.Qh3 g6 19.Nf3 Rf8 20.Bd2 
Be7 21.Kf1 Rf5 22.b4 Re4 23.a3 Bf6 24.b5 Ne7 25.Ne1 Nd5 26.Qd3 Re6 27.Nf3 
Rd6 28.Nxd4 Nf4 29.Nxf5 Rxd3 30.cxd3 Nxd3 31.Ng3 Be7 32.a4 b6 33.Ne4 Nb2 
34.a5 Nc4 35.axb6 axb6 36.Bc1 Nd6 37.Nxd6 Kxd6 38.Bf4+ Kc5 39.Bxc7 Kxb5 
40.Ke2 Bc5 41.f4 Kc4 42.h3 Kc3 43.g4 1/2-1/2

[Event "POL-chT3"]
[Site "Jastrzebia Gora POL"]
[Date "2016.09.09"]
[Round "7.100"]
[White "Pelowski, Zdzislaw"]
[Black "Zurawski, Kamil"]
[Result "0-1"]
[WhiteElo "1761"]
[BlackElo "1648"]
[EventDate "2016.09.02"]

1.d4 e6 2.c4 f5 3.Nf3 Nf6 4.Nc3 Be7 5.Bg5 O-O 6.e3 b6 7.Be2 Bb7 8.O-O d6 
9.b4 Ne4 10.Bxe7 Qxe7 11.Qb3 Nxc3 12.Qxc3 Nd7 13.Rac1 Nf6 14.Rfd1 Ne4 15.
Qb3 Rf6 16.c5 Rg6 17.c6 Bc8 18.g3 Kh8 19.Kg2 h5 20.h4 Qf6 21.Rh1 a5 22.b5 
e5 23.dxe5 dxe5 24.Ng5 Be6 25.Nxe6 Qxe6 26.Qxe6 Rxe6 27.Bxh5 Rd8 28.Bf3 
Nd2 29.Rhd1 Red6 30.Be2 Kg8 31.Rc2 Kf8 32.g4 f4 33.exf4 exf4 34.Rh1 Re8 
35.Bc4 Re4 36.Rhc1 f3+ 37.Kg3 Rdd4 38.Rxd2 Rxd2 39.Kxf3 Rdd4 40.Be2 Rxg4 
41.h5 Ke7 42.Rc3 Kf6 43.Bd3 Rh4 44.Ke3 Ra4 45.Bg6 Rhd4 46.a3 Rac4 47.Rb3 
Rd5 48.Bd3 Re5+ 49.Kf3 Rh4 50.Kg3 Rhxh5 51.f3 Rd5 52.Kg4 Rhe5 53.Bf1 Rd4+ 
54.Kg3 g6 55.Bh3 a4 56.Rb2 Re3 57.Kf2 Rdd3 58.Bg4 Rxa3 59.Rb4 Ke5 60.Rc4 
g5 0-1

[Event "POL-chT3"]
[Site "Jastrzebia Gora POL"]
[Date "2016.09.09"]
[Round "7.101"]
[White "Butyrowski, Marcel"]
[Black "Karczynski, Lech"]
[Result "1/2-1/2"]
[WhiteElo "1776"]
[BlackElo "1651"]
[EventDate "2016.09.02"]

1.Nf3 d5 2.c4 e6 3.d4 Nf6 4.g3 c6 5.Bg2 Bd6 6.O-O Nbd7 7.Nc3 O-O 8.b3 Re8 
9.Bb2 b6 10.Qc2 Bb7 11.Rfd1 Rc8 12.Rac1 Qe7 13.e4 dxe4 14.Ng5 Nf8 15.Ncxe4
Nxe4 16.Nxe4 Bb8 17.Qe2 Nd7 18.f4 h6 19.Ba1 Nf6 20.Nxf6+ Qxf6 21.Qg4 Qf5 
22.Qe2 Qg6 23.Be4 f5 24.Bg2 Qf7 25.Re1 Bc7 26.Qf2 Bd8 27.Re2 c5 28.dxc5 
Bxg2 29.Qxg2 Rxc5 30.Bd4 Rc7 31.Rce1 Rd7 32.Bb2 Be7 33.Rd2 Bb4 34.Rxd7 
Qxd7 35.Rf1 Bc5+ 36.Kh1 Qd3 37.Re1 Rd8 38.Qb7 Rd7 39.Qc6 Kh7 40.Bc1 Rd5 
41.Kg2 Qc2+ 42.Kh3 Rd1 43.Rxd1 Qxd1 44.Qxe6 Qf1+ 45.Kh4 Qxc1 46.Qxf5+ Kg8 
47.Qe6+ Kf8 48.Qc8+ Kf7 49.Qf5+ Ke7 50.Qe5+ Kf7 51.Qf5+ Ke7 52.Qe5+ Kf7 
1/2-1/2

[Event "POL-chT3"]
[Site "Jastrzebia Gora POL"]
[Date "2016.09.09"]
[Round "7.102"]
[White "Buchta, Agnieszka"]
[Black "Wilk, Oktawia"]
[Result "1/2-1/2"]
[WhiteElo "1611"]
[BlackElo "1704"]
[EventDate "2016.09.02"]

1.e4 e6 2.d4 d5 3.e5 c5 4.c3 Nc6 5.Nf3 Qb6 6.a3 Nge7 7.b4 cxd4 8.cxd4 Nf5 
9.Be3 f6 10.exf6 gxf6 11.Nc3 Nxe3 12.fxe3 Bh6 13.Qd2 Ne7 14.Bd3 Bd7 15.O-O
e5 16.Bc2 O-O-O 17.Kh1 e4 18.Ng1 Kb8 19.Nge2 Bg5 20.Bb3 Be6 21.Nf4 f5 22.
Rac1 h5 23.Nce2 Bf7 24.a4 h4 25.b5 Qh6 26.a5 Rc8 27.Qb4 Rhd8 28.Qa3 Rxc1 
29.Rxc1 Qd6 30.Qxd6+ Rxd6 31.g3 1/2-1/2

[Event "POL-chT3"]
[Site "Jastrzebia Gora POL"]
[Date "2016.09.10"]
[Round "8.1"]
[White "Gajek, Radoslaw"]
[Black "Kantans, Toms"]
[Result "1-0"]
[WhiteElo "2439"]
[BlackElo "2491"]
[EventDate "2016.09.02"]

1.d4 Nf6 2.c4 g6 3.Nc3 d5 4.cxd5 Nxd5 5.e4 Nxc3 6.bxc3 Bg7 7.Nf3 c5 8.Be3 
Qa5 9.Qd2 O-O 10.Rb1 b6 11.Rc1 Rd8 12.Be2 Ba6 13.Bxa6 Nxa6 14.d5 e6 15.O-O
Qa4 16.c4 Nb4 17.Bh6 Qxa2 18.Qg5 f6 19.Qh4 Bxh6 20.Qxh6 e5 21.Nh4 Rd7 22.
Rc3 Rf8 23.Rg3 g5 24.Nf5 Qxc4 25.Re1 Nc2 26.h4 Qb4 27.hxg5 Qxe1+ 28.Kh2 
Qxf2 29.gxf6+ Qxg3+ 30.Kxg3 Nd4 31.Qg5+ Kf7 32.Nd6+ 1-0

[Event "POL-chT3"]
[Site "Jastrzebia Gora POL"]
[Date "2016.09.10"]
[Round "8.2"]
[White "Kuzmicz, Krystian"]
[Black "Karpus, Michal"]
[Result "1/2-1/2"]
[WhiteElo "2470"]
[BlackElo "2254"]
[EventDate "2016.09.02"]

1.d4 Nf6 2.c4 g6 3.Nc3 d5 4.Bf4 Bg7 5.e3 c5 6.dxc5 Qa5 7.Rc1 dxc4 8.Bxc4 
O-O 9.Nf3 Qxc5 10.Bb3 Qa5 11.O-O Nc6 12.h3 Bf5 13.Qe2 Ne4 14.Nxe4 Bxe4 15.
Ng5 Bd5 16.Bc7 Qxc7 17.Bxd5 Qa5 18.Qc4 e6 19.Bxc6 bxc6 20.Nf3 Rab8 21.Qxc6
Rxb2 22.a4 Rb6 23.Qd7 Rb4 24.Rc7 Qxa4 25.Rxa7 Qxd7 26.Rxd7 Bf6 27.Rc1 Rbb8
28.g4 h6 29.Kg2 Rfd8 30.Rcc7 Rxd7 31.Rxd7 1/2-1/2

[Event "POL-chT3"]
[Site "Jastrzebia Gora POL"]
[Date "2016.09.10"]
[Round "8.4"]
[White "Dubinski, Mateusz"]
[Black "Krainski, Slawomir"]
[Result "1-0"]
[WhiteElo "2241"]
[BlackElo "2144"]
[EventDate "2016.09.02"]

1.d4 d5 2.c4 c6 3.Nc3 Nf6 4.Nf3 e6 5.e3 Nbd7 6.Qc2 Bd6 7.Bd3 dxc4 8.Bxc4 
e5 9.O-O exd4 10.exd4 O-O 11.Bg5 Qa5 12.a3 b5 13.Ba2 b4 14.Ne4 Nxe4 15.
Qxe4 Qc7 16.Be7 Bxe7 17.Qxe7 b3 18.Bxb3 Qf4 19.Ba4 Rb8 20.Bxc6 Rxb2 21.
Bxd7 Rb7 22.Ne5 Rc7 23.Rad1 h6 24.Rfe1 Ba6 25.Nd3 Bxd3 26.Qxf8+ 1-0

[Event "POL-chT3"]
[Site "Jastrzebia Gora POL"]
[Date "2016.09.10"]
[Round "8.5"]
[White "Szczesniak, Andrzej"]
[Black "Szczepaniak, Lukasz"]
[Result "0-1"]
[WhiteElo "1943"]
[BlackElo "2173"]
[EventDate "2016.09.02"]

1.c4 e5 2.Nc3 Nf6 3.g3 d5 4.cxd5 Nxd5 5.Bg2 Nb6 6.Nf3 Nc6 7.d3 Be7 8.Be3 
O-O 9.O-O Be6 10.Ne4 Nd5 11.Bc5 f6 12.Rc1 b6 13.Bxe7 Ncxe7 14.d4 exd4 15.
Nxd4 Bf7 16.Bh3 Re8 17.Ne6 Qb8 18.Nc3 c6 19.e4 Nxc3 20.Rxc3 Qb7 21.Qd6 
Rac8 22.Rd1 Ng6 23.b4 c5 24.b5 Qxe4 25.Re3 Qa4 26.Ng5 fxg5 27.Bxc8 Rxc8 
28.Qd7 Rf8 29.Rd2 Bxa2 30.Re8 Bf7 31.Rxf8+ Nxf8 32.Qe7 Qa1+ 33.Kg2 Qf6 34.
Qxa7 g4 35.Qb7 h5 36.Qa8 Kh7 37.Kg1 Ng6 38.Qe4 Qe5 39.Qxe5 Nxe5 40.Rd6 Nc4
41.Rd7 Be8 0-1

[Event "POL-chT3"]
[Site "Jastrzebia Gora POL"]
[Date "2016.09.10"]
[Round "8.6"]
[White "Kantane, Anna"]
[Black "Pacuszka, Wioletta"]
[Result "1-0"]
[WhiteElo "2248"]
[BlackElo "1923"]
[EventDate "2016.09.02"]

1.e4 c5 2.Nf3 e6 3.d4 cxd4 4.Nxd4 a6 5.Bd3 Qc7 6.Qe2 Ne7 7.a4 Nbc6 8.Nb3 
Ne5 9.O-O Nxd3 10.cxd3 Nc6 11.Be3 Be7 12.Nc3 O-O 13.d4 Nb4 14.Rac1 Qd8 15.
d5 e5 16.a5 Bd6 17.Na4 b5 18.axb6 a5 19.Nbc5 Rb8 20.Qb5 Bxc5 21.Bxc5 d6 
22.Bxb4 axb4 23.Qxb4 Bd7 24.Rc6 Ra8 25.b3 Qb8 26.Rxd6 Bxa4 27.bxa4 Rxa4 
28.Qxa4 Qxd6 29.Qc6 Qb4 30.d6 h6 31.b7 Kh7 32.h3 Rb8 33.d7 1-0

[Event "POL-chT3"]
[Site "Jastrzebia Gora POL"]
[Date "2016.09.10"]
[Round "8.7"]
[White "Szotkowski, Jakub"]
[Black "Licznerski, Lukasz"]
[Result "1-0"]
[WhiteElo "2403"]
[BlackElo "2260"]
[EventDate "2016.09.02"]

1.Nf3 Nf6 2.c4 c5 3.Nc3 Nc6 4.g3 d5 5.cxd5 Nxd5 6.Bg2 g6 7.Qb3 Nc7 8.Ne4 
Ne6 9.Nxc5 Nxc5 10.Qc3 Nd3+ 11.exd3 Rg8 12.O-O Bg7 13.d4 Nxd4 14.Nxd4 Bxd4
15.Qc4 Kf8 16.Bd5 e6 17.Qb4+ Qe7 18.Qxd4 exd5 19.d3 f6 20.Bd2 Kf7 21.Rfe1 
Be6 22.Bb4 Qd8 23.Re3 h5 24.Rae1 Re8 25.Bc3 b6 26.Rf3 Bf5 27.Rxe8 Kxe8 28.
h3 Bxh3 29.Rxf6 Bf5 30.Bb4 1-0

[Event "POL-chT3"]
[Site "Jastrzebia Gora POL"]
[Date "2016.09.10"]
[Round "8.8"]
[White "Zielinski, Maciej"]
[Black "Nguyen, Piotr"]
[Result "1-0"]
[WhiteElo "2111"]
[BlackElo "2435"]
[EventDate "2016.09.02"]

1.e4 d6 2.d4 Nf6 3.Bd3 e5 4.c3 Nc6 5.d5 Ne7 6.Ne2 Ng6 7.c4 Be7 8.Nbc3 a5 
9.Ng3 Nf4 10.O-O h5 11.Nf5 g6 12.Nxe7 Qxe7 13.c5 dxc5 14.Bxf4 exf4 15.e5 
Ng4 16.Qa4+ Kf8 17.e6 f3 18.Qf4 fxg2 19.Rfe1 Kg7 20.d6 g5 21.Qxg4 hxg4 22.
dxe7 Bxe6 23.Ne4 c4 24.Bc2 Rh5 25.Ba4 c6 26.Nd6 Rah8 27.Rxe6 Rxh2 28.Nf5+ 
Kh7 29.Kxh2 fxe6 30.Nd6 Kg7+ 31.Kxg2 1-0

[Event "POL-chT3"]
[Site "Jastrzebia Gora POL"]
[Date "2016.09.10"]
[Round "8.9"]
[White "Kowalczyk, Pawel"]
[Black "Zielinski, Wojciech"]
[Result "1-0"]
[WhiteElo "2303"]
[BlackElo "2136"]
[EventDate "2016.09.02"]

1.d4 Nf6 2.e3 e6 3.Bd3 c5 4.c3 Nc6 5.Nd2 d6 6.Ne2 g6 7.O-O Bg7 8.e4 O-O 9.
h3 e5 10.d5 Ne7 11.a4 Ne8 12.f4 f5 13.Nf3 fxe4 14.Bxe4 Kh8 15.fxe5 dxe5 
16.Bg5 Nd6 17.Ng3 Qe8 18.Bc2 Nef5 19.Qe1 b6 20.Ne4 Ba6 21.Rf2 Nxe4 22.Qxe4
Nd6 23.Qh4 Nf5 24.Bxf5 Rxf5 25.Re1 Bd3 26.g4 Rf8 27.Be7 g5 28.Qxg5 Qf7 29.
Bxf8 Rxf8 30.Rxe5 Bxe5 31.Qxe5+ Kg8 32.d6 Qa2 33.d7 Bg6 34.Qe7 Qb1+ 35.Ne1
1-0

[Event "POL-chT3"]
[Site "Jastrzebia Gora POL"]
[Date "2016.09.10"]
[Round "8.10"]
[White "Grzelak, Artur"]
[Black "Jagodzinski, Piotr"]
[Result "1-0"]
[WhiteElo "2141"]
[BlackElo "2241"]
[EventDate "2016.09.02"]

1.d4 c5 2.c3 Qc7 3.Nf3 g6 4.g3 Bg7 5.Bg2 Nf6 6.O-O O-O 7.Re1 d5 8.Bf4 Qb6 
9.Qb3 Qxb3 10.axb3 cxd4 11.Nxd4 Bd7 12.Be5 Nc6 13.Nxc6 Bxc6 14.Nd2 Nd7 15.
Bxg7 Kxg7 16.e4 dxe4 17.Bxe4 Nb8 18.b4 Rd8 19.Nc4 b5 20.Na3 Bxe4 21.Rxe4 
Rd5 22.Rxe7 Nc6 23.Rc7 Ne5 24.Rb7 Rd2 25.Rxb5 Ng4 26.Nc4 Re2 27.Rf1 a6 28.
Rd5 h5 29.h3 Nf6 30.Rd2 Re4 31.Ne3 h4 32.g4 Nh7 33.Rfd1 Rae8 34.Rd4 R4e5 
35.Rd5 Re4 36.R1d4 R4e6 37.Rd6 R6e7 38.Rd8 Rxd8 39.Rxd8 Ng5 40.Kg2 Ne6 41.
Rd6 Nf4+ 42.Kh2 Ra7 43.Ng2 Ne6 44.Nxh4 Ra8 45.Nf3 1-0

[Event "POL-chT3"]
[Site "Jastrzebia Gora POL"]
[Date "2016.09.10"]
[Round "8.11"]
[White "Dowgird, Filip"]
[Black "Fengier, Winicjusz"]
[Result "1-0"]
[WhiteElo "2238"]
[BlackElo "2054"]
[EventDate "2016.09.02"]

1.e4 g6 2.d4 Bg7 3.Nc3 c6 4.Nf3 d6 5.h3 b5 6.Bd3 e5 7.dxe5 dxe5 8.O-O Nd7 
9.a4 b4 10.Na2 a5 11.Be3 Ngf6 12.c3 bxc3 13.Nxc3 O-O 14.Qc2 Nh5 15.Rfd1 
Qe7 16.Ne2 Rb8 17.Rab1 Re8 18.Qxc6 Bb7 19.Qc7 Rec8 20.Qxa5 Nc5 21.Bxc5 
Rxc5 22.Qe1 Nf4 23.Nxf4 exf4 24.b4 Bc3 25.Qe2 Rh5 26.b5 Bc8 27.Bc4 Ba5 28.
Rd5 Rxd5 29.Bxd5 Bb6 30.Qd2 Qa7 31.Ne5 Qxa4 32.Qxf4 Be6 33.Bxe6 fxe6 34.
Qf7+ Kh8 35.Qf6+ Kg8 36.Qxe6+ Kh8 37.Qf6+ Kg8 38.Ng4 1-0

[Event "POL-chT3"]
[Site "Jastrzebia Gora POL"]
[Date "2016.09.10"]
[Round "8.12"]
[White "Jedrocha, Katarzyna"]
[Black "Majdan-gajewska, Joanna"]
[Result "1/2-1/2"]
[WhiteElo "1893"]
[BlackElo "2362"]
[EventDate "2016.09.02"]

1.d4 d5 2.Nf3 Nf6 3.g3 Bf5 4.Bg2 h6 5.O-O e6 6.c4 c6 7.Qb3 Qb6 8.c5 Qc7 9.
Bf4 Qc8 10.Nc3 Nbd7 11.Rfc1 g5 12.Be5 Be7 13.Qd1 Bh7 14.b4 g4 15.Ne1 Nxe5 
16.dxe5 Nd7 17.Qd4 Qc7 18.f4 f6 19.exf6 Bxf6 20.Qd2 b6 21.Nd3 bxc5 22.bxc5
Qa5 23.Rab1 O-O 24.Kh1 Rab8 25.Rb3 Kg7 26.Ne4 Qxd2 27.Nxd2 Rxb3 28.Nxb3 
Rb8 29.Nf2 h5 30.h3 gxh3 31.Bxh3 Kf7 32.Nd3 Rb5 33.Bf1 a5 34.e3 a4 35.Nd4 
Bxd4 36.exd4 Bxd3 37.Bxd3 Rb4 38.Be2 Nf6 39.a3 Rb2 40.Bd1 Ng4 41.Bxa4 Nf2+
42.Kg1 Ne4 43.Rc2 Rb1+ 44.Kg2 Ra1 45.Bxc6 Rxa3 46.Bb5 Rxg3+ 47.Kh2 Rc3 48.
Rxc3 Nxc3 49.Bd3 Ke7 50.Kh3 Ne4 51.Be2 Nc3 52.Bd3 Na2 53.Bc2 Nc3 54.Bd3 
Na2 55.Bc2 Nc3 56.Bd3 1/2-1/2

[Event "POL-chT3"]
[Site "Jastrzebia Gora POL"]
[Date "2016.09.10"]
[Round "8.13"]
[White "Mucha, Roman"]
[Black "Sopur, Lech"]
[Result "1/2-1/2"]
[WhiteElo "2190"]
[BlackElo "2404"]
[EventDate "2016.09.02"]

1.d4 d5 2.c4 c6 3.Nf3 e6 4.Qc2 Bd6 5.g3 f5 6.Bg2 Nf6 7.O-O O-O 8.b3 Qe7 9.
a4 Bd7 10.Ba3 Bxa3 11.Rxa3 Be8 12.Ne5 Nbd7 13.Nxd7 Nxd7 14.Qb2 f4 15.a5 a6
16.b4 Kh8 17.Nd2 Rd8 18.e3 fxg3 19.hxg3 Qg5 20.e4 Nf6 21.cxd5 cxd5 22.exd5
Qh6 23.Nf3 exd5 24.Qc1 Qh5 25.Ne5 Ng4 26.Nxg4 Qxg4 27.Qd2 Rd6 28.Re1 Bc6 
29.Rae3 Rdf6 30.f4 Qg6 31.Qf2 h6 32.Re7 Qd3 33.Qe3 Qc2 34.Bf1 Qb2 35.b5 
axb5 36.Bd3 Qa3 37.Kg2 b4 38.Rf1 b3 39.g4 Rxf4 40.Rxf4 Rxf4 41.Rxg7 Kxg7 
42.Qxf4 Qe7 43.Qf5 Qg5 44.Qh7+ Kf8 45.Qh8+ Ke7 46.Bf5 Qf6 47.Qc8 Qd6 48.a6
bxa6 49.Qxa6 Kf6 50.Qb6 h5 51.Qxb3 1/2-1/2

[Event "POL-chT3"]
[Site "Jastrzebia Gora POL"]
[Date "2016.09.10"]
[Round "8.14"]
[White "Lewtak, Damian"]
[Black "Bednarczyk, Damian"]
[Result "1-0"]
[WhiteElo "2333"]
[BlackElo "2158"]
[EventDate "2016.09.02"]

1.e4 c5 2.Nf3 d6 3.Bb5+ Bd7 4.Bxd7+ Qxd7 5.c4 Nf6 6.Nc3 g6 7.O-O Bg7 8.d4 
cxd4 9.Nxd4 Nc6 10.Nc2 O-O 11.Re1 Rfc8 12.b3 Qd8 13.Bb2 Nd7 14.Na4 Bxb2 
15.Nxb2 Qa5 16.f4 Nc5 17.Qf3 Ne6 18.Qe3 Qc5 19.Nd3 Qxe3+ 20.Nxe3 Ncd4 21.
Nd5 Kf8 22.Rad1 b5 23.cxb5 Nxb5 24.Rc1 Nbd4 25.Kf2 Rab8 26.Rxc8+ Rxc8 27.
Rc1 Rxc1 28.Nxc1 Ke8 29.Ke3 Kd7 30.Kd3 Nc6 31.b4 g5 32.g3 gxf4 33.gxf4 Ng7
34.b5 Nd8 35.a4 Nb7 36.Nb3 Ne8 37.a5 Nc7 38.a6 Nd8 39.Kc4 Nxd5 40.exd5 Kc7
41.Nd4 e6 42.f5 exf5 43.Nxf5 f6 44.Nxd6 1-0

[Event "POL-chT3"]
[Site "Jastrzebia Gora POL"]
[Date "2016.09.10"]
[Round "8.15"]
[White "Slezak, Robert"]
[Black "Orzech, Dominik"]
[Result "1/2-1/2"]
[WhiteElo "2134"]
[BlackElo "2378"]
[EventDate "2016.09.02"]

1.e4 e6 2.d4 d5 3.Nc3 Bb4 4.exd5 exd5 5.a3 Be7 6.Bd3 Nf6 7.Bf4 O-O 8.Nge2 
Re8 9.O-O Bd6 10.Bxd6 Qxd6 11.Ng3 c6 12.Qd2 Be6 13.Nce2 Nbd7 14.Nf4 Nf8 
15.Rfe1 Bd7 16.Nfh5 Nxh5 17.Nxh5 Ng6 18.Bxg6 hxg6 19.Ng3 b6 20.Rxe8+ Rxe8 
21.Re1 Rxe1+ 22.Qxe1 Be6 23.Qe3 Kf8 24.c3 Bd7 25.Qg5 Be6 26.Qe3 Bd7 27.Qg5
Be6 28.Qe3 Bd7 29.Qg5 Be6 30.Qe3 Bd7 1/2-1/2

[Event "POL-chT3"]
[Site "Jastrzebia Gora POL"]
[Date "2016.09.10"]
[Round "8.16"]
[White "Kowalczyk, Rafal"]
[Black "Sleczka, Bartosz"]
[Result "1-0"]
[WhiteElo "2241"]
[BlackElo "1933"]
[EventDate "2016.09.02"]

1.e4 e5 2.Nf3 Nc6 3.d4 exd4 4.Nxd4 Bc5 5.Nb3 Bb6 6.Nc3 Qf6 7.Qe2 Nge7 8.
Be3 O-O 9.O-O-O d6 10.g3 Bd7 11.Bg2 Bxe3+ 12.Qxe3 a5 13.f4 a4 14.Nd4 Nxd4 
15.Rxd4 Bc6 16.g4 Qh4 17.Bf3 Rfe8 18.Qd2 f5 19.gxf5 Nxf5 20.Rd3 Nh6 21.Rg1
Rf8 22.Ne2 Bb5 23.c4 Bc6 24.Qc3 Qe7 25.Bh1 Rae8 26.Rdg3 Rf7 27.Rg5 Bd7 28.
Bf3 Qf8 29.Bh5 g6 30.f5 Re5 31.fxg6 Rxg5 32.gxf7+ Nxf7 33.Bxf7+ 1-0

[Event "POL-chT3"]
[Site "Jastrzebia Gora POL"]
[Date "2016.09.10"]
[Round "8.17"]
[White "Mucha, Magdalena"]
[Black "Rawicz, Karol"]
[Result "0-1"]
[WhiteElo "1947"]
[BlackElo "2216"]
[EventDate "2016.09.02"]

1.e4 c5 2.Nf3 d6 3.d4 cxd4 4.Qxd4 Bd7 5.c4 Nc6 6.Qd2 g6 7.b3 Bg7 8.Bb2 
Bxb2 9.Qxb2 Qa5+ 10.Qc3 Qxc3+ 11.Nxc3 Bg4 12.Be2 Bxf3 13.Bxf3 Nd4 14.Kd2 
Nf6 15.Rhd1 e5 16.Ne2 Ne6 17.Ke3 Ke7 18.Rac1 Rhc8 19.Rd2 Rc6 20.Nc3 Nd4 
21.Ne2 Nxe2 22.Bxe2 a5 23.Rcd1 Rb6 24.Rb1 Nd7 25.f4 f6 26.Bg4 Nc5 27.h4 h6
28.g3 Rf8 29.Rd5 Rb4 30.a3 Rxb3+ 31.Rxb3 Nxb3 32.Rb5 Nc5 33.Rxa5 g5 34.
hxg5 hxg5 35.fxg5 fxg5 36.Bf5 Rh8 37.Kf3 Rh2 38.Kg4 Kf6 39.Rb5 Rd2 40.Rb4 
Rd3 41.a4 Re3 42.Rb6 Nxe4 43.Bxe4 Rxe4+ 44.Kf3 Rxc4 45.Rxd6+ Kf5 46.Rb6 
e4+ 47.Kf2 Rc2+ 48.Ke3 Rc3+ 49.Kf2 Rf3+ 50.Kg2 Kg4 51.Rxb7 Rxg3+ 52.Kf2 
Rf3+ 53.Ke2 Ra3 54.Ra7 Kf4 55.Rf7+ Kg3 56.Rg7 g4 57.a5 Rxa5 58.Ke3 Re5 59.
Rg8 Re7 60.Rg6 Re8 61.Rg7 Kh3 62.Kf2 e3+ 63.Ke2 Re4 64.Rh7+ Kg2 65.Rh4 Kg3
66.Rh8 Re5 67.Rg8 Kh3 68.Rg7 g3 69.Kf3 Rf5+ 70.Kxe3 g2 71.Rh7+ Kg3 72.Rg7+
Kh2 73.Rh7+ Kg1 74.Ke2 Re5+ 75.Kd2 Kf2 76.Rf7+ Kg3 77.Rg7+ Kf3 0-1

[Event "POL-chT3"]
[Site "Jastrzebia Gora POL"]
[Date "2016.09.10"]
[Round "8.18"]
[White "Sliwicka, Alicja"]
[Black "Tracz, Marcelina"]
[Result "1-0"]
[WhiteElo "2092"]
[BlackElo "1825"]
[EventDate "2016.09.02"]

1.e4 e5 2.Nf3 Nc6 3.d4 exd4 4.Nxd4 Bc5 5.Nb3 Bb6 6.a4 a6 7.Nc3 d6 8.Nd5 
Ba7 9.Be3 Bxe3 10.Nxe3 Be6 11.Nd2 Qf6 12.c3 Nge7 13.Be2 O-O 14.O-O Qg6 15.
Bh5 Qh6 16.Ng4 Bxg4 17.Bxg4 d5 18.exd5 Nxd5 19.Qc2 Rad8 20.Rad1 Nde7 21.
Bf3 b6 22.Rfe1 Rfe8 23.g3 Qf6 24.Bg2 h6 25.Qe4 Rd6 26.Qc4 Qg6 27.Nf1 Red8 
28.Rxd6 Qxd6 29.Qxa6 Ne5 30.Ne3 Qc5 31.Qe2 N7g6 32.Rd1 Rd6 33.Qc2 Rxd1+ 
34.Qxd1 Nc4 35.Nxc4 Qxc4 36.Bd5 Qc5 37.Be4 Nf8 38.Qd3 Qe7 39.b4 Qg5 40.h4 
Qe5 41.Qd4 Qh5 42.Qd5 Qe2 43.a5 Qb2 44.Qa8 1-0

[Event "POL-chT3"]
[Site "Jastrzebia Gora POL"]
[Date "2016.09.10"]
[Round "8.19"]
[White "Wandzik, Wojciech"]
[Black "Szwed, Jacek"]
[Result "1-0"]
[WhiteElo "2346"]
[BlackElo "2402"]
[EventDate "2016.09.02"]

1.e4 e6 2.d4 d5 3.Nd2 h6 4.Ngf3 Nf6 5.Bd3 c5 6.exd5 exd5 7.O-O c4 8.Re1+ 
Be7 9.Bf1 O-O 10.Ne5 Bf5 11.g4 Bh7 12.Bg2 Nbd7 13.Nf1 Nb6 14.Ng3 Bd6 15.g5
hxg5 16.Bxg5 Be7 17.Re3 Ne4 18.Bxe7 Qxe7 19.Nxe4 dxe4 20.Qh5 Qe6 21.Rae1 
Nd5 22.Rh3 Nf6 23.Qh4 Qf5 24.Rg3 Kh8 25.Rg5 Qe6 26.Re3 g6 27.Rh3 Rg8 28.
Bxe4 Rg7 29.Bg2 Nd7 30.Re3 Nxe5 31.Rgxe5 Qd6 32.d5 b5 33.Qd4 Rf8 34.Re8 
Kg8 35.Rxf8+ Kxf8 36.Qxa7 Rg8 37.Qd4 g5 38.Ra3 f6 39.Ra7 Bf5 40.Rb7 Rg7 
41.Rb6 1-0